[Event "Ostravsky Konik op-A"]
[Site "Ostrava"]
[Date "2024.04.29"]
[Round "3"]
[White "Bujnoch, Radek"]
[Black "Jafarli, Babak"]
[Result "1-0"]
[WhiteElo "2307"]
[BlackElo "2187"]
[PlyCount "67"]
[EventDate "2024.04.27"]
[EventType "swiss"]
[EventRounds "9"]
[EventCountry "CZE"]
[SourceTitle "CB19_2024"]
[SourceDate "2024.05.08"]
[SourceVersion "1"]
[SourceVersionDate "2024.05.08"]
[SourceQuality "1"]

1. d4 Nf6 2. c4 c5 3. d5 e6 4. Nc3 exd5 5. cxd5 d6 6. Nf3 g6 7. Nd2 Bg7 8. e4 0-0 9. Be2 Re8 10. 0-0 Na6 11. f3 Nc7 12. a4 b6 13. Nc4 Ba6 14. Rb1 Bxc4 15. Bxc4 a6 16. b4 Nh5 17. Bd2 Qh4 18. Qe1 Qf6 19. Kh1 Rab8 20. bxc5 bxc5 21. Ne2 Qe7 22. Ba5 f5 23. Rxb8 Rxb8 24. exf5 gxf5 25. Ng3 Nxg3+ 26. Qxg3 Kh8 27. Re1 Qd7 28. Qh4 Ne8 29. Bd3 Nf6 30. Re6 Re8 31. Bxf5 Rxe6 32. dxe6 Qb7 33. Bc3 Qd5 34. Bc2 1-0

[Event "Mersin op 7th"]
[Site "Mersin"]
[Date "2023.11.16"]
[Round "7"]
[White "Jafarli, Babak"]
[Black "Hasanov, Rashad"]
[Result "1/2-1/2"]
[WhiteElo "2176"]
[BlackElo "2084"]
[PlyCount "90"]
[EventDate "2023.11.12"]
[EventType "swiss"]
[EventRounds "9"]
[EventCountry "TUR"]
[SourceTitle "CB47_2023"]
[SourceDate "2023.11.22"]
[SourceVersion "1"]
[SourceVersionDate "2023.11.22"]
[SourceQuality "1"]

1. e4 e5 2. Nf3 Nf6 3. Nxe5 Nxe4 4. Qe2 Qe7 5. Qxe4 d6 6. d4 dxe5 7. dxe5 Nc6 8. Nc3 Qxe5 9. Qxe5+ Nxe5 10. Bf4 Bd6 11. Bg3 Bf5 12. 0-0-0 f6 13. Nb5 Ke7 14. Nxd6 cxd6 15. f4 Rac8 16. c3 Nc4 17. b3 Nb6 18. Kb2 Be4 19. Rd2 Nd7 20. Bc4 Nb6 21. Bd3 Bxd3 22. Rxd3 Rc6 23. Rhd1 Re8 24. f5 Nc8 25. Bf2 Kd7 26. R1d2 a6 27. a4 g6 28. fxg6 hxg6 29. c4 Re6 30. g4 Ne7 31. Bg3 b6 32. h4 f5 33. h5 fxg4 34. h6 Nf5 35. Bf4 Rc8 36. Rd5 g5 37. Rxf5 gxf4 38. Rxf4 Rxh6 39. Rxg4 Re8 40. Rg7+ Re7 41. Rxe7+ Kxe7 42. a5 Kd7 43. Ka3 Kc6 44. Kb4 bxa5+ 45. Kxa5 Rh3 1/2-1/2

[Event "Nakhchivan op"]
[Site "Nakhchivan"]
[Date "2022.05.10"]
[Round "4"]
[White "Jafarli, Babak"]
[Black "Haznedaroglu, Kivanc"]
[Result "1/2-1/2"]
[WhiteElo "2181"]
[BlackElo "2425"]
[PlyCount "76"]
[EventDate "2022.05.08"]
[EventType "swiss"]
[EventRounds "9"]
[EventCountry "AZE"]
[SourceTitle "EXT 2023"]
[Source "ChessBase"]
[SourceDate "2022.10.05"]
[SourceVersion "1"]
[SourceVersionDate "2022.10.05"]
[SourceQuality "1"]

1. b3 d5 2. Bb2 Bf5 3. e3 Nd7 4. f4 e6 5. Nf3 Ngf6 6. Be2 h6 7. 0-0 Bd6 8. Ne5 Qe7 9. c4 c6 10. d3 Bc5 11. d4 Bd6 12. Nd2 g5 13. c5 Bxe5 14. fxe5 Ne4 15. Nxe4 Bxe4 16. Bd3 Bxd3 17. Qxd3 0-0 18. e4 dxe4 19. Qxe4 f5 20. exf6 Nxf6 21. Qd3 Qh7 22. Qh3 Rae8 23. Rae1 Nd5 24. Rxf8+ Kxf8 25. Bc1 Qg6 26. Qg4 Kg7 27. h4 gxh4 28. Qxh4 Kh7 29. Qh3 Nf6 30. Rxe6 Rxe6 31. Qxe6 Nd5 32. Qd7+ Qg7 33. Qf5+ Qg6 34. Qf3 Qf6 35. Qg4 Qg6 36. Qh3 h5 37. Qd7+ Qg7 38. Qf5+ Qg6 1/2-1/2

[Event "Mersin op 5th"]
[Site "Mersin"]
[Date "2021.11.21"]
[Round "9"]
[White "Rasulov, Vugar Ural Oglu"]
[Black "Jafarli, Babak"]
[Result "0-1"]
[WhiteElo "2469"]
[BlackElo "2020"]
[PlyCount "184"]
[EventDate "2021.11.16"]
[EventType "swiss"]
[EventRounds "9"]
[EventCountry "TUR"]
[SourceTitle "CBM 205 Extra"]
[Source "ChessBase"]
[SourceDate "2022.01.31"]
[SourceVersion "1"]
[SourceVersionDate "2022.01.31"]
[SourceQuality "1"]

1. d4 Nf6 2. c4 e6 3. Nc3 d5 4. cxd5 exd5 5. Bg5 Be7 6. e3 0-0 7. Bd3 c6 8. Qc2 Nbd7 9. Nf3 Re8 10. h3 Nf8 11. Bf4 Ng6 12. Bh2 Bd6 13. Bxd6 Qxd6 14. 0-0 Bd7 15. Rab1 b5 16. a4 b4 17. Ne2 Ne4 18. Rbc1 f5 19. Rfe1 Rac8 20. b3 h5 21. Qb2 h4 22. Rc2 Qf6 23. Nf4 Ng5 24. Ne5 Nxe5 25. dxe5 Qxe5 26. Qxe5 Rxe5 27. Ng6 Ree8 28. f4 Ne4 29. Nxh4 c5 30. Rec1 c4 31. bxc4 Nc5 32. Bf1 Rxe3 33. cxd5 b3 34. Rc4 b2 35. Rb1 Nxa4 36. Rxa4 Bxa4 37. Rxb2 Re1 38. Nxf5 Rcc1 39. Ng3 Red1 40. Rb8+ Kh7 41. Kf2 Rc2+ 42. Be2 Rxd5 43. Kg1 Bc6 44. Bf3 Rdc5 45. Ne4 R5c4 46. Ng5+ Kg6 47. Bxc6 Rxc6 48. Nf3 Rb6 49. Ra8 Ra2 50. Kh2 Kf5 51. Rg8 Kxf4 52. Rxg7 a5 53. h4 Re2 54. Kh3 Re4 55. Nd2 Re2 56. Rf7+ Ke5 57. Nf3+ Kd6 58. Ra7 Rb5 59. g3 Re3 60. Nh2 Kc6 61. Ng4 Rc3 62. Nf6 Kb6 63. Rd7 Rf3 64. Ne4 Re3 65. Nd2 Rc5 66. Kg4 a4 67. Kf4 Re8 68. Rd3 Rec8 69. Ra3 Kb5 70. g4 Kb4 71. Re3 a3 72. Rb3+ Ka4 73. Rb1 Rc1 74. Rb7 Ra8 75. Rb1 Rc2 76. Ne4 Rf8+ 77. Kg5 Rc4 78. Nf6 Rc6 79. Ne4 a2 80. Rh1 Kb3 81. Ra1 Kb2 82. Rxa2+ Kxa2 83. h5 Kb3 84. h6 Kc4 85. Kh5 Kd4 86. Ng3 Ke5 87. g5 Rc3 88. Ne2 Re3 89. g6 Rf5+ 90. Kg4 Rxe2 91. h7 Rg2+ 92. Kh3 Rh5+ 0-1

[Event "Mersin op 5th"]
[Site "Mersin"]
[Date "2021.11.17"]
[Round "2"]
[White "Jafarli, Babak"]
[Black "Odeev, Handszar"]
[Result "1-0"]
[WhiteElo "2020"]
[BlackElo "2329"]
[PlyCount "97"]
[EventDate "2021.11.16"]
[EventType "swiss"]
[EventRounds "9"]
[EventCountry "TUR"]
[SourceTitle "CBM 205 Extra"]
[Source "ChessBase"]
[SourceDate "2022.01.31"]
[SourceVersion "1"]
[SourceVersionDate "2022.01.31"]
[SourceQuality "1"]

1. d4 Nf6 2. Bf4 g6 3. Nc3 d5 4. f3 Nh5 5. Be3 Bg7 6. Qd2 c5 7. g4 Nc6 8. Bf2 cxd4 9. Nb5 Qb6 10. Nxd4 Qxb2 11. Rd1 Nxd4 12. Bxd4 Bxd4 13. Qxd4 Qxd4 14. Rxd4 Nf6 15. g5 Nd7 16. Rxd5 Nb6 17. Ra5 Be6 18. e4 0-0 19. Bd3 Rfd8 20. Ne2 Bc4 21. Ra3 Be6 22. Nf4 Bd7 23. Ke2 Bc6 24. Rd1 e6 25. Ng2 Na4 26. Rb1 Nc5 27. Ne3 Rd4 28. Ng4 Ra4 29. Rxa4 Nxa4 30. Kd2 Nc5 31. Ne5 Be8 32. Ke3 Rc8 33. Nc4 b6 34. Nd6 Rd8 35. e5 Bc6 36. Bb5 Bxb5 37. Rxb5 Rd7 38. Rb4 Re7 39. a4 Nb7 40. Ne4 Rc7 41. Rd4 Kf8 42. Nf6 Ke7 43. Rh4 Rxc2 44. Rxh7 Rc8 45. h4 Na5 46. h5 Nc4+ 47. Kd4 gxh5 48. f4 Nb2 49. g6 1-0

[Event "EU-ch Online U2300 Final"]
[Site "Chess.com INT"]
[Date "2020.05.26"]
[Round "2"]
[White "Gadimbayli, Abdulla Azar"]
[Black "Jafarli, Babak"]
[Result "1-0"]
[WhiteElo "2470"]
[BlackElo "2020"]
[PlyCount "95"]
[EventDate "2020.05.26"]
[EventType "swiss"]
[EventRounds "8"]
[EventCountry "NET"]
[SourceTitle "CBM 196 Extra"]
[Source "ChessBase"]
[SourceDate "2020.07.31"]
[SourceVersion "1"]
[SourceVersionDate "2020.07.31"]
[SourceQuality "1"]

1. e4 c5 2. Nf3 Nc6 3. Bb5 g6 4. Bxc6 dxc6 5. d3 Bg7 6. h3 Nf6 7. Nc3 Nd7 8. Be3 e5 9. Qd2 0-0 10. 0-0 Qe7 11. Nh2 a5 12. Bh6 b6 13. Bxg7 Kxg7 14. f4 exf4 15. Rxf4 Ne5 16. Raf1 Be6 17. Rf6 Nd7 18. R6f2 Ne5 19. Nf3 f6 20. b3 Rad8 21. Ne2 b5 22. Nxe5 fxe5 23. Rxf8 Rxf8 24. Rxf8 Kxf8 25. Qxa5 Qg5 26. Qa8+ Kg7 27. Qa7+ Kh6 28. Qxc5 Bxh3 29. Qf8+ Kh5 30. Qf3+ Bg4 31. Ng3+ Kh4 32. Qf2 Qc1+ 33. Nf1+ Kh5 34. Kh2 Qf4+ 35. Qxf4 exf4 36. a4 bxa4 37. bxa4 g5 38. a5 Bc8 39. Nd2 g4 40. Nb3 g3+ 41. Kg1 Kg4 42. Nc5 h5 43. a6 Bxa6 44. Nxa6 h4 45. Nc5 f3 46. gxf3+ Kxf3 47. e5 h3 48. Ne4 1-0

[Event "EU-ch Online U2300 Final"]
[Site "Chess.com INT"]
[Date "2020.05.26"]
[Round "6"]
[White "Jafarli, Babak"]
[Black "Ozenir, Ekin Baris"]
[Result "1-0"]
[WhiteElo "2020"]
[BlackElo "2309"]
[PlyCount "105"]
[EventDate "2020.05.26"]
[EventType "swiss"]
[EventRounds "8"]
[EventCountry "NET"]
[SourceTitle "CBM 196 Extra"]
[Source "ChessBase"]
[SourceDate "2020.07.31"]
[SourceVersion "1"]
[SourceVersionDate "2020.07.31"]
[SourceQuality "1"]

1. e4 Nc6 2. Nf3 d6 3. d4 Nf6 4. Nc3 g6 5. Bg5 h6 6. Bf4 Bg7 7. d5 e5 8. dxe6 Bxe6 9. Qd2 g5 10. Bg3 Nh5 11. 0-0-0 0-0 12. Bb5 a6 13. Bxc6 bxc6 14. h4 g4 15. Nd4 Nxg3 16. fxg3 c5 17. Nf5 Bxf5 18. exf5 Rb8 19. Rhf1 Qf6 20. Qd3 h5 21. Rde1 Rb4 22. a3 Rb6 23. Nd5 Qxb2+ 24. Kd2 c4 25. Qe4 Rb5 26. Re3 Bh6 27. Rf4 Qe5 28. Qxe5 dxe5 29. Nf6+ Kh8 30. Rxc4 Rd8+ 31. Ke2 Bxe3 32. Kxe3 Rb6 33. Ne4 Rd7 34. a4 Kg7 35. Rc5 f6 36. a5 Rb1 37. Ke2 Rb5 38. Rc6 Rxa5 39. Nxf6 Rf7 40. Nxh5+ Kf8 41. Nf6 e4 42. Nxg4 Rfxf5 43. Nf6 Ke7 44. Nxe4 Kd7 45. Rc4 Ra1 46. g4 Re5 47. g5 a5 48. g6 Ke6 49. h5 a4 50. h6 a3 51. g7 Kf7 52. Rxc7+ Kg8 53. Rc8+ 1-0

[Event "EU-ch Online U2300 Qual"]
[Site "Chess.com INT"]
[Date "2020.05.25"]
[Round "3"]
[White "Jafarli, Babak"]
[Black "Gara, Anita"]
[Result "1-0"]
[WhiteElo "2020"]
[BlackElo "2345"]
[PlyCount "201"]
[EventDate "2020.05.25"]
[EventType "swiss"]
[EventRounds "8"]
[EventCountry "NET"]
[SourceTitle "EXT 2021"]
[Source "ChessBase"]
[SourceDate "2020.10.23"]
[SourceVersion "1"]
[SourceVersionDate "2020.10.23"]
[SourceQuality "1"]

1. e4 c5 2. Nf3 d6 3. Bb5+ Nd7 4. 0-0 a6 5. Bxd7+ Bxd7 6. e5 e6 7. c3 Bc6 8. Re1 Nh6 9. d4 cxd4 10. Nxd4 dxe5 11. Rxe5 Nf5 12. Na3 Bd6 13. Nxc6 bxc6 14. Re1 Qc7 15. h3 0-0 16. Nc4 Bc5 17. Qg4 Rad8 18. Bf4 Qa7 19. Re2 Rd5 20. Rae1 Rfd8 21. Be5 Rd1 22. Qf4 f6 23. Bc7 Rxe1+ 24. Rxe1 Bxf2+ 25. Qxf2 Qxc7 26. Rxe6 Rd1+ 27. Re1 Qd7 28. g4 Ne7 29. Qe2 Rxe1+ 30. Qxe1 Kf7 31. Qe4 g6 32. Qf3 Qe6 33. b3 Nd5 34. Kf2 Qe7 35. h4 Qc5+ 36. Ke2 Qg1 37. Nd2 Qh2+ 38. Kd3 Qxh4 39. c4 Ne7 40. Ne4 Kg7 41. a4 f5 42. gxf5 Nxf5 43. a5 Qd8+ 44. Kc3 Qxa5+ 45. Kb2 Qe5+ 46. Kb1 Nd4 47. Qd3 a5 48. Nc3 c5 49. Kb2 Ne6 50. Qd7+ Kf6 51. Kc2 Qf5+ 52. Kb2 Nd4 53. Qd8+ Kg7 54. Qe7+ Qf7 55. Qe5+ Kg8 56. Qb8+ Qf8 57. Qh2 Qe8 58. Qg2 Qe6 59. Qa8+ Kg7 60. Qxa5 h5 61. Qxc5 Nf5 62. Qf2 Kh6 63. Nd5 Qe5+ 64. Ka2 Qd6 65. b4 Qa6+ 66. Kb3 Qa1 67. Qf4+ Kg7 68. c5 Qb1+ 69. Kc4 Qc2+ 70. Kb5 Qd3+ 71. Kc6 Qa6+ 72. Nb6 Qa7 73. Qe5+ Kh6 74. Qf4+ Kg7 75. Kb5 Qe7 76. c6 Nd6+ 77. Ka6 Qc7 78. Qe5+ Kh6 79. b5 Qb8 80. Qf4+ Kg7 81. Qd4+ Kh6 82. Qe3+ Kg7 83. Qc3+ Kh6 84. c7 Qb7+ 85. Ka5 Qa7+ 86. Kb4 Qxb6 87. Qh8+ Kg5 88. Qe5+ Kh6 89. Qh8+ Kg5 90. Qe5+ Kh6 91. Qc5 Qb7 92. Qxd6 Qe4+ 93. Ka5 Qa8+ 94. Kb6 h4 95. Qd8 Qe4 96. c8Q Qe3+ 97. Qc5 Qg3 98. Qdd6 Qxd6+ 99. Qxd6 h3 100. Qg3 g5 101. Qxh3+ 1-0

[Event "AZE-ch 74th"]
[Site "Baku"]
[Date "2019.01.19"]
[Round "4"]
[White "Guliev, Sarhan"]
[Black "Jafarli, Babak"]
[Result "1/2-1/2"]
[WhiteElo "2342"]
[BlackElo "2128"]
[PlyCount "156"]
[EventDate "2019.01.16"]
[EventType "swiss"]
[EventRounds "9"]
[EventCountry "AZE"]
[SourceTitle "CBM 188 Extra"]
[Source "ChessBase"]
[SourceDate "2019.02.26"]
[SourceVersion "1"]
[SourceVersionDate "2019.02.26"]
[SourceQuality "1"]

1. d4 Nf6 2. c4 c5 3. d5 e6 4. Nc3 exd5 5. cxd5 d6 6. Nf3 g6 7. Nd2 Nbd7 8. e4 Bg7 9. Be2 0-0 10. 0-0 Re8 11. f4 c4 12. Kh1 Nc5 13. e5 dxe5 14. fxe5 Rxe5 15. Nxc4 Rf5 16. Bf3 b6 17. d6 Rb8 18. Ne3 Re5 19. Ned5 Nxd5 20. Nxd5 Qxd6 21. Bf4 Ba6 22. Nb4 Qxd1 23. Rfxd1 Bb5 24. Rd2 a5 25. Nc6 Bxc6 26. Bxe5 Bxe5 27. Bxc6 Rc8 28. Bd5 Kg7 29. Rf1 Rc7 30. Re2 Bd4 31. g4 h6 32. h4 Rd7 33. Bc4 Bf6 34. Ref2 Ne4 35. Rf3 Rd6 36. Kg2 g5 37. hxg5 Nxg5 38. Rd3 Rxd3 39. Bxd3 Bxb2 40. Bc4 Bd4 41. a4 Bc5 42. Rf5 Kg6 43. Bd3 Kg7 44. Kg3 Ne6 45. Bc4 Bd6+ 46. Kh4 Be7+ 47. Kg3 Bd6+ 48. Kf2 Bc5+ 49. Ke1 Ng5 50. Ke2 Kg6 51. Bd3 Kg7 52. Kd2 Bb4+ 53. Kc1 Nh7 54. Kc2 Bc5 55. Kb3 Ng5 56. Kc4 Ne6 57. Kd5 Be3 58. Ke4 Bc5 59. Bc4 Ng5+ 60. Ke5 Bb4 61. Rf1 Kg6 62. Rf6+ Kg7 63. Rxb6 Bc3+ 64. Kd5 Be1 65. Kc6 Nf3 66. Kd5 Ng5 67. Rb1 Bc3 68. Rb7 Kg6 69. Bd3+ Kf6 70. Rb6+ Kg7 71. Kc4 Bd2 72. Kb5 Nf3 73. Ra6 Nd4+ 74. Kb6 Ne6 75. Rxa5 Bxa5+ 76. Kxa5 Nc5 77. Kb5 Nxa4 78. Kxa4 Kf6 1/2-1/2

[Event "AZE-ch 74th"]
[Site "Baku"]
[Date "2019.01.18"]
[Round "3"]
[White "Jafarli, Babak"]
[Black "Ilyasli, Ughur"]
[Result "0-1"]
[WhiteElo "2128"]
[BlackElo "2148"]
[PlyCount "74"]
[EventDate "2019.01.16"]
[EventType "swiss"]
[EventRounds "9"]
[EventCountry "AZE"]
[SourceTitle "CBM 188 Extra"]
[Source "ChessBase"]
[SourceDate "2019.02.26"]
[SourceVersion "1"]
[SourceVersionDate "2019.02.26"]
[SourceQuality "1"]

1. d4 Nf6 2. Nc3 d5 3. Bf4 Bf5 4. Nb5 Na6 5. a3 c6 6. Nc3 e6 7. e3 Bd6 8. f3 Bxf4 9. exf4 h5 10. Bd3 Qb6 11. Bxf5 Qxb2 12. Kd2 exf5 13. Qe1+ Kf8 14. Rb1 Qxa3 15. Rxb7 Qd6 16. Nh3 Nd7 17. Qa1 Nc7 18. Rxa7 Rxa7 19. Qxa7 g6 20. g3 Kg7 21. Nf2 h4 22. Re1 hxg3 23. hxg3 Rh2 24. Rf1 Qb4 25. Qa4 Qxa4 26. Nxa4 Rg2 27. g4 fxg4 28. fxg4 Nf6 29. g5 Ng4 30. Ke2 Ne6 31. c3 Nxf4+ 32. Kf3 Nxf2 33. Kxf4 Ne4 34. Nc5 Rxg5 35. Ra1 Rf5+ 36. Ke3 Nxc5 37. dxc5 g5 0-1

[Event "Baku CC op 1st"]
[Site "Baku"]
[Date "2018.10.20"]
[Round "1"]
[White "Ahmad, Khagan"]
[Black "Jafarli, Babak"]
[Result "0-1"]
[WhiteElo "1333"]
[BlackElo "2131"]
[PlyCount "74"]
[EventDate "2018.10.20"]
[EventType "swiss"]
[EventRounds "9"]
[EventCountry "AZE"]
[SourceTitle "CBM 187 Extra"]
[Source "ChessBase"]
[SourceDate "2018.11.04"]
[SourceVersion "1"]
[SourceVersionDate "2018.11.04"]
[SourceQuality "1"]

1. e4 c5 2. Nf3 Nc6 3. d4 cxd4 4. Nxd4 g6 5. Nc3 Bg7 6. Be3 Nf6 7. Nxc6 bxc6 8. e5 Nd5 9. Nxd5 cxd5 10. f4 Bb7 11. Bd4 0-0 12. Be2 d6 13. exd6 Qxd6 14. Bxg7 Kxg7 15. Qd4+ f6 16. f5 gxf5 17. 0-0 e5 18. Qh4 f4 19. Bd3 f5 20. Qg5+ Kh8 21. Bxf5 Qf6 22. Qxf6+ Rxf6 23. Bd7 Rg8 24. h3 d4 25. Rf2 Rfg6 26. Bg4 h5 27. Bxh5 Rxg2+ 28. Rxg2 Rxg2+ 29. Kf1 Rxc2 30. Re1 e4 31. Bg6 f3 32. Bxe4 Ba6+ 33. Kg1 f2+ 34. Kh2 fxe1Q+ 35. Bg2 Rxg2+ 36. Kxg2 Bb7+ 37. Kh2 Qf2# 0-1

[Event "EU-ch U16 27th"]
[Site "Mamaia"]
[Date "2017.09.11"]
[Round "6"]
[White "Burri, Quentin"]
[Black "Jafarli, Babak"]
[Result "1/2-1/2"]
[WhiteElo "2412"]
[BlackElo "2177"]
[PlyCount "59"]
[EventDate "2017.09.05"]
[EventType "swiss"]
[EventRounds "9"]
[EventCountry "ROU"]
[SourceTitle "EXT 2018"]
[Source "ChessBase"]
[SourceDate "2017.10.13"]
[SourceVersion "1"]
[SourceVersionDate "2017.10.13"]
[SourceQuality "1"]

1. e4 c5 2. Nf3 Nc6 3. Bb5 g6 4. c3 d5 5. e5 Bg4 6. d4 Bxf3 7. Qxf3 Qb6 8. Qd3 c4 9. Bxc6+ bxc6 10. Qd1 e6 11. 0-0 Bg7 12. b3 cxb3 13. axb3 f6 14. f4 f5 15. Nd2 Bf8 16. b4 Ne7 17. Ra5 Nc8 18. Qa4 Qc7 19. Bb2 Qb8 20. Ra1 Be7 21. Nb3 Qb6 22. Bc1 Kf7 23. Nc5 h6 24. Qd1 h5 25. g3 Qd8 26. Be3 Rb8 27. R1a2 Rb6 28. Qd3 Qe8 29. Kg2 Bd8 30. Ra6 1/2-1/2

[Event "EU School-ch U15"]
[Site "Kallithea"]
[Date "2016.06.23"]
[Round "7"]
[White "Jafarli, Babak"]
[Black "Pavlidis, Pavlos"]
[Result "1-0"]
[WhiteElo "2037"]
[BlackElo "1829"]
[PlyCount "87"]
[EventDate "2016.06.17"]
[EventType "swiss"]
[EventRounds "9"]
[EventCountry "GRE"]
[SourceTitle "EXT 2017"]
[Source "ChessBase"]
[SourceDate "2016.10.25"]
[SourceVersion "1"]
[SourceVersionDate "2016.10.25"]
[SourceQuality "1"]

1. e4 c5 2. Nf3 Nc6 3. Bb5 g6 4. 0-0 Bg7 5. Bxc6 bxc6 6. c3 Nh6 7. d4 cxd4 8. Nxd4 f6 9. Nd2 0-0 10. N2b3 Nf7 11. Be3 Qc7 12. Qe2 Rd8 13. c4 Nd6 14. Nc5 e5 15. Nc2 f5 16. f3 f4 17. Bf2 Nf7 18. b4 d6 19. Nb3 d5 20. cxd5 cxd5 21. exd5 Rxd5 22. Rac1 Qd8 23. Rfd1 Bf5 24. Rxd5 Qxd5 25. Rd1 Qc6 26. Nc5 Rd8 27. a4 Rd5 28. b5 Rxd1+ 29. Qxd1 Bxc2 30. Qxc2 Qc7 31. h3 Bf8 32. Qc3 Be7 33. Ne4 Qb8 34. Qa5 Nd6 35. Qxa7 Qd8 36. Nxd6 Bxd6 37. Qb6 Qe7 38. Qc6 e4 39. Qxe4 Qc7 40. b6 Qc1+ 41. Kh2 Qd2 42. Qd4 Qxd4 43. Bxd4 Kf7 44. a5 1-0

[Event "EU School-ch U15"]
[Site "Kallithea"]
[Date "2016.06.20"]
[Round "4"]
[White "Jafarli, Babak"]
[Black "Ozen, Deniz"]
[Result "1/2-1/2"]
[WhiteElo "2037"]
[BlackElo "2212"]
[PlyCount "64"]
[EventDate "2016.06.17"]
[EventType "swiss"]
[EventRounds "9"]
[EventCountry "GRE"]
[SourceTitle "EXT 2017"]
[Source "ChessBase"]
[SourceDate "2016.10.25"]
[SourceVersion "1"]
[SourceVersionDate "2016.10.25"]
[SourceQuality "1"]

1. e4 e6 2. d4 d5 3. Nd2 c5 4. exd5 Qxd5 5. dxc5 Bxc5 6. Ngf3 Nf6 7. Bc4 Qc6 8. Qe2 0-0 9. 0-0 a6 10. Ne5 Qc7 11. Ndf3 b5 12. Bd3 Bb7 13. Bg5 Nbd7 14. c4 bxc4 15. Nxc4 Rfe8 16. Bxf6 Nxf6 17. Nfe5 Rad8 18. Rad1 Rd4 19. b4 Ba7 20. Rc1 Bb8 21. f4 Rc8 22. Rc2 Qd8 23. Na5 Rxc2 24. Qxc2 Rxb4 25. Nxb7 Rxb7 26. Bxa6 Rc7 27. Qd3 Nd5 28. Bc4 Rc5 29. Bb3 g6 30. Nc4 Rc8 31. g3 Qd7 32. Kh1 Qb5 1/2-1/2

[Event "EU School-ch U15"]
[Site "Kallithea"]
[Date "2016.06.19"]
[Round "3"]
[White "Kesgin, Halit Kaan"]
[Black "Jafarli, Babak"]
[Result "1/2-1/2"]
[WhiteElo "2027"]
[BlackElo "2037"]
[PlyCount "68"]
[EventDate "2016.06.17"]
[EventType "swiss"]
[EventRounds "9"]
[EventCountry "GRE"]
[SourceTitle "EXT 2017"]
[Source "ChessBase"]
[SourceDate "2016.10.25"]
[SourceVersion "1"]
[SourceVersionDate "2016.10.25"]
[SourceQuality "1"]

1. e4 c5 2. Nf3 Nc6 3. Bb5 g6 4. Bxc6 bxc6 5. 0-0 Bg7 6. c3 Nf6 7. Re1 0-0 8. d4 cxd4 9. cxd4 d6 10. h3 Bb7 11. Nc3 Nd7 12. Bf4 c5 13. d5 Ne5 14. Bxe5 Bxe5 15. Nxe5 dxe5 16. Rc1 Rc8 17. Qa4 Qb6 18. Qa3 Qd6 19. Na4 c4 20. Qxd6 exd6 21. Nc3 Ba6 22. f3 Rb8 23. Rc2 f5 24. Kf2 Rb7 25. Ke3 Rfb8 26. Ree2 f4+ 27. Kf2 g5 28. Ke1 h5 29. Kd1 Kf7 30. Kc1 Kf6 31. Re1 Rg7 32. Nd1 Rc7 33. Rc3 Ke7 34. Nf2 h4 1/2-1/2

[Event "EU School-ch U15"]
[Site "Kallithea"]
[Date "2016.06.18"]
[Round "2"]
[White "Jafarli, Babak"]
[Black "Dalgar, Hakki Berat"]
[Result "1-0"]
[WhiteElo "2037"]
[BlackElo "1956"]
[PlyCount "97"]
[EventDate "2016.06.17"]
[EventType "swiss"]
[EventRounds "9"]
[EventCountry "GRE"]
[SourceTitle "EXT 2017"]
[Source "ChessBase"]
[SourceDate "2016.10.25"]
[SourceVersion "1"]
[SourceVersionDate "2016.10.25"]
[SourceQuality "1"]

1. e4 c6 2. d4 d5 3. Nc3 dxe4 4. Nxe4 Bf5 5. Ng3 Bg6 6. h4 h6 7. Nf3 Nd7 8. h5 Bh7 9. Bd3 Bxd3 10. Qxd3 e6 11. Bd2 Ngf6 12. 0-0-0 Be7 13. Ne4 Nxe4 14. Qxe4 Nf6 15. Qe2 Qd5 16. c4 Qe4 17. Qxe4 Nxe4 18. Be3 f5 19. g3 Bg5 20. Nxg5 hxg5 21. Rh2 0-0-0 22. f3 Nxg3 23. Bxg5 Rde8 24. h6 gxh6 25. Bf4 Rhg8 26. Kc2 h5 27. Kd3 Rg6 28. Ke3 Rh8 29. Rh4 c5 30. Kf2 Rhg8 31. dxc5 e5 32. Bxe5 f4 33. Rxf4 Re8 34. Rd5 Rg5 35. Rh4 Reg8 36. Bf4 R5g6 37. Rh3 h4 38. Rxh4 Nf5 39. Rxf5 Rg1 40. Ke3 Re1+ 41. Kd3 Rf1 42. Bd6 b6 43. Rh7 Rd1+ 44. Kc3 Rc1+ 45. Kb3 Re8 46. Rxa7 Re3+ 47. Kb4 bxc5+ 48. Kb5 Rce1 49. Kc6 1-0

[Event "EU School-ch U15"]
[Site "Kallithea"]
[Date "2016.06.17"]
[Round "1"]
[White "Hafstad, Leif"]
[Black "Jafarli, Babak"]
[Result "0-1"]
[WhiteElo "1530"]
[BlackElo "2037"]
[PlyCount "92"]
[EventDate "2016.06.17"]
[EventType "swiss"]
[EventRounds "9"]
[EventCountry "GRE"]
[SourceTitle "EXT 2017"]
[Source "ChessBase"]
[SourceDate "2016.10.25"]
[SourceVersion "1"]
[SourceVersionDate "2016.10.25"]
[SourceQuality "1"]

1. e4 c5 2. c3 Nf6 3. e5 Nd5 4. d4 cxd4 5. Nf3 e6 6. cxd4 Nc6 7. Bc4 Nb6 8. Bb3 d6 9. exd6 Bxd6 10. 0-0 0-0 11. Bg5 Qc7 12. Nc3 a6 13. Ne4 Bf4 14. Qd3 Nd5 15. Bxf4 Nxf4 16. Qc2 Rd8 17. Rfd1 Qe7 18. Qc5 Kf8 19. Qxe7+ Kxe7 20. Kf1 Na5 21. Bc2 Bd7 22. Nc3 Bc6 23. Be4 Rac8 24. Bxc6 Nxc6 25. g3 Nd5 26. Rac1 f6 27. Ke2 g5 28. h3 h5 29. g4 Nf4+ 30. Ke3 Nxh3 31. d5 exd5 32. Nxd5+ Kf7 33. Nh2 h4 34. Nb6 Re8+ 35. Kf3 Ne5+ 36. Kg2 Rxc1 37. Rxc1 Nf4+ 38. Kf1 Ned3 39. Rc7+ Kg6 40. Nf3 h3 41. Kg1 h2+ 42. Kxh2 Nxf2 43. Kg3 Re2 44. Ng1 Ne4+ 45. Kf3 Nd2+ 46. Kg3 Rg2# 0-1